Oxford handbook of the sociology of religion (Record no. 7028)
[ view plain ]
| 000 -LEADER | |
|---|---|
| fixed length control field | 00573nam a2200181Ia 4500 |
| 020 ## - INTERNATIONAL STANDARD BOOK NUMBER | |
| ISBN | 9780199279791 |
| 082 ## - DEWEY DECIMAL CLASSIFICATION NUMBER | |
| Classification number | 306.6 OXF- |
| 245 #0 - TITLE STATEMENT | |
| Title | Oxford handbook of the sociology of religion |
| 260 ## - PUBLICATION, DISTRIBUTION, ETC. (IMPRINT) | |
| Place of publication | Oxford |
| Name of publisher | Oxford University Press |
| Year of publication | 2009 |
| 300 ## - PHYSICAL DESCRIPTION | |
| Number of Pages | xvi, 1046 |
| 504 ## - BIBLIOGRAPHY, ETC. NOTE | |
| Bibliography, etc | includes index |
| 650 ## - SUBJECT ADDED ENTRY--TOPICAL TERM | |
| Topical Term | Sociology |
| Form subdivision | Handbooks, mannuals,etc. |
| 650 ## - SUBJECT ADDED ENTRY--TOPICAL TERM | |
| Topical Term | Religion and sociology |
| Form subdivision | Handbooks, mannuals,etc. |
| 650 ## - SUBJECT ADDED ENTRY--TOPICAL TERM | |
| Topical Term | Religion and State |
| Form subdivision | Handbooks, mannuals,etc. |
| 650 ## - SUBJECT ADDED ENTRY--TOPICAL TERM | |
| Topical Term | Religion and State |
| Form subdivision | Handbooks, mannuals,etc. |
| 700 ## - ADDED ENTRY--PERSONAL NAME | |
| Personal name | Clarke, Peter B. |
| 942 ## - ADDED ENTRY ELEMENTS (KOHA) | |
| Koha item type | Books |
| Withdrawn status | Lost status | Damaged status | Not for loan | Home library | Current library | Date acquired | Source of acquisition | Bill Date | Full call number | Accession Number | Price effective from | Koha item type |
|---|---|---|---|---|---|---|---|---|---|---|---|---|
| NASSDOC Library | NASSDOC Library | 01/02/2010 | UPPAL | 2009-09-24 | 306.6 OXF- | 46026 | 18/04/2019 | Books |
